Teaching of commerce: (Record no. 19266)

MARC details
000 -LEADER
fixed length control field 00958nam a22002657a 4500
008 - FIXED-LENGTH DATA ELEMENTS--GENERAL INFORMATION
fixed length control field 081128t xxu||||| |||| 00| 0 eng d
010 ## - LCCN (DPL NO)
LC control number ENG-91903
020 ## - INTERNATIONAL STANDARD BOOK NUMBER
International Standard Book Number 9788125927938
Terms of availability 255.00
020 ## - INTERNATIONAL STANDARD BOOK NUMBER
International Standard Book Number 812592793X
Terms of availability 255.00
035 ## - SYSTEM CONTROL NUMBER
System control number EN-75436
037 ## - SOURCE OF ACQUISITION
Source of stock number/acquisition DBAD / PUB
040 ## - CATALOGING SOURCE
Original cataloging agency dpl
Language of cataloging English
082 ## - DEWEY DECIMAL CLASSIFICATION NUMBER
Classification number 380.07
100 ## - MAIN ENTRY--PERSONAL NAME
Personal name Aggarwal, J.C.
245 ## - TITLE STATEMENT
Title Teaching of commerce:
Statement of responsibility, etc by J.C. Aggarwal
Remainder of title a practical approach /
250 ## - EDITION STATEMENT
Edition statement 2nd ed
260 ## - PUBLICATION, DISTRIBUTION, ETC. (IMPRINT)
Place of publication, distribution, etc New Delhi
Name of publisher, distributor, etc Vikas Publishing House
Date of publication, distribution, etc 2008
270 ## - ADDRESS
Address 576, Masjid Road, Jangpura,
City New Delhi
Postal code 110014
300 ## - PHYSICAL DESCRIPTION
Extent viii, 463p.
Dimensions 22cm (pbk)
500 ## - GENERAL NOTE
General note Includes index
650 ## - SUBJECT ADDED ENTRY--TOPICAL TERM
Topical term or geographic name as entry element Business education
650 ## - SUBJECT ADDED ENTRY--TOPICAL TERM
Topical term or geographic name as entry element Commerce
General subdivision Study and teaching
942 ## - ADDED ENTRY ELEMENTS (KOHA)
Source of classification or shelving scheme Dewey Decimal Classification
Item type English Books
Call number suffix AGG
Classification part 380.07
Holdings
Withdrawn status Lost status Source of classification or shelving scheme Damaged status Not for loan Collection code Home library Current library Date acquired Source of acquisition Cost, normal purchase price Total Checkouts Full call number Barcode Date last seen Copy number Cost, replacement price Koha item type
    Dewey Decimal Classification   Not For Loan Non-fiction D.B.Act.Division D.B.Act.Division 01/12/2008 DBAD / PUB 255.00   380.07 AGG EN-75436 28/11/2008 1 255.00 English Books

© Delhi Public Library
Hit Counter
free hit counter